| 000 | 00447nam a2200193Ia 4500 | ||
|---|---|---|---|
| 005 | 20240823013737.0 | ||
| 008 | 240823s9999||||xx |||||||||||||| ||und|| | ||
| 020 | _a81-7649-467-4 | ||
| 041 | _aENGLISH | ||
| 082 | _A530.12 P3 | ||
| 100 | _aFrench A P | ||
| 245 | 0 | _aNewtonin Mechanics | |
| 250 | _a1st | ||
| 260 |
_c2003 _b"Viva,New " _aNew Delhi |
||
| 500 | _aTRANSFERED | ||
| 650 |
_aMechanics _bPhysics |
||
| 942 | _cBK | ||
| 999 |
_c168103 _d168103 |
||